Loading...
| History - World | 0 | 8 | 1 | 0 | 75 | 35 | 56.75 | 3 | 7 | 0.00 | 0.00 |
| History - European | 0 | 4 | 1 | 0 | 35 | 33 | 51.25 | 3 | 3 | 0.00 | 0.00 |
| Philosophy | 0 | 4 | 2 | 0 | 30 | 34 | 63.25 | 2 | 4 | 0.00 | 0.00 |
| History - American | 0 | 4 | 3 | 1 | 25 | 24 | 78.25 | 2 | 3 | 0.00 | 0.00 |
| Science - Biology | 0 | 2 | 0 | 1 | 20 | 87 | 100.50 | 0 | 1 | 0.00 | 0.00 |
| Social Science | 0 | 3 | 3 | 0 | 15 | 54 | 63.33 | 1 | 3 | 0.00 | 0.00 |
| Geography/Current Events | 0 | 1 | 0 | 0 | 10 | 80 | 80.00 | 0 | 1 | 0.00 | 0.00 |
| Literature - British | 0 | 1 | 0 | 0 | 10 | 48 | 48.00 | 1 | 1 | 0.00 | 0.00 |
| Science - Other | 0 | 1 | 0 | 0 | 10 | 65 | 65.00 | 0 | 0 | 0.00 | 0.00 |
| Science - Physics | 0 | 1 | 0 | 0 | 10 | 65 | 65.00 | 0 | 0 | 0.00 | 0.00 |
| History - Other | 0 | 2 | 2 | 0 | 10 | 38 | 40.00 | 1 | 2 | 0.00 | 0.00 |
| Science - Chemistry | 0 | 1 | 0 | 1 | 10 | 121 | 121.00 | 0 | 0 | 0.00 | 0.00 |
| Religion | 0 | 1 | 1 | 1 | 5 | 133 | 133.00 | 0 | 0 | 0.00 | 0.00 |
| Literature - European | 0 | 0 | 1 | 0 | -5 | 0.00 | 0 | 0 | 0.00 | 0.00 |